Priame zahraničné investície na Slovensku v roku 1998

Prílev priamych zahraničných investícií (PZI). Odlev PZI. Vplyv PZI na obchodnú a platobnú bilanciu. Objemy dovozu a vývozu očistené o objemy dovozu a vývozu obchodných organizácií.

Gespeichert in:
Bibliographische Detailangaben
1. Verfasser: Hošková, Adela
Format: Buchkapitel
Sprache:Slowakisch
Schlagworte:
Tags: Tag hinzufügen
Keine Tags, Fügen Sie das erste Tag hinzu!

MARC

LEADER 00000naa a2200000 4500
001 r035695
005 20221129101910.9
041 0 |a slo 
044 |a SK 
245 1 0 |a Priame zahraničné investície na Slovensku v roku 1998  |c Adela Hošková 
520 |a Prílev priamych zahraničných investícií (PZI). Odlev PZI. Vplyv PZI na obchodnú a platobnú bilanciu. Objemy dovozu a vývozu očistené o objemy dovozu a vývozu obchodných organizácií. 
610 2 0 |a investície priame zahraničné 
610 2 0 |a Slovensko 
610 2 0 |a kapitál zahraničný 
610 2 0 |a bilancia obchodná 
610 2 0 |a bilancia platobná 
610 2 0 |a 1998 
610 2 0 |a organizácie obchodné 
100 1 |a Hošková, Adela